[Event "25th 4NCL Congress"]
[Site "Leamington Spa, United Kingdom"]
[Date "2021.07.11"]
[Round "4.12"]
[White "Stoica, Savas Marin"]
[Black "Nettleton, Charlie B"]
[Result "1-0"]
[TimeControl "All moves in 90 minutes + 30 seconds per move"]
[WhiteElo "1833"]
[BlackElo "2008"]

1. e4 {[%clk 01:30:53]} {[%emt 00:00:06]} d6 {[%clk 01:30:37]} {[%emt
00:00:24]} 2. d4 {[%clk 01:31:05]} {[%emt 00:00:18]} Nf6 {[%clk 01:31:00]}
{[%emt 00:00:07]} 3. Nc3 {[%clk 01:31:28]} {[%emt 00:00:06]} e5 {[%clk
01:31:13]} {[%emt 00:00:17]} 4. Nf3 {[%clk 01:31:30]} {[%emt 00:00:27]} Nbd7
{[%clk 01:31:34]} {[%emt 00:00:10]} 5. Bc4 {[%clk 01:31:40]} {[%emt 00:00:19]}
Be7 {[%clk 01:31:56]} {[%emt 00:00:08]} 6. O-O {[%clk 01:29:08]} {[%emt
00:03:01]} h6 {[%clk 01:31:44]} {[%emt 00:00:43]} 7. Re1 {[%clk 01:28:24]}
{[%emt 00:01:14]} c6 {[%clk 01:32:03]} {[%emt 00:00:12]} 8. a4 {[%clk
01:27:47]} {[%emt 00:01:07]} a5 {[%clk 01:29:51]} {[%emt 00:02:41]} 9. Bb3
{[%clk 01:24:53]} {[%emt 00:03:23]} Qc7 {[%clk 01:29:46]} {[%emt 00:00:36]} 10.
Qe2 {[%clk 01:22:47]} {[%emt 00:02:36]} Nf8 {[%clk 01:28:35]} {[%emt 00:01:42]}
11. Be3 {[%clk 01:20:46]} {[%emt 00:02:30]} Ng6 {[%clk 01:21:04]} {[%emt
00:08:01]} 12. Nd2 {[%clk 01:16:15]} {[%emt 00:05:02]} Ng4 {[%clk 01:18:08]}
{[%emt 00:03:25]} 13. Nc4 {[%clk 01:14:54]} {[%emt 00:01:51]} Nxe3 {[%clk
01:15:02]} {[%emt 00:03:36]} 14. fxe3 {[%clk 01:15:16]} {[%emt 00:00:07]} O-O
{[%clk 01:11:10]} {[%emt 00:04:22]} 15. Rf1 {[%clk 01:15:21]} {[%emt 00:00:26]}
Be6 {[%clk 01:05:40]} {[%emt 00:06:00]} 16. Rad1 {[%clk 00:51:11]} {[%emt
00:24:40]} Rad8 {[%clk 01:05:59]} {[%emt 00:00:10]} 17. d5 {[%clk 00:49:10]}
{[%emt 00:02:33]} Bc8 {[%clk 01:05:51]} {[%emt 00:00:37]} 18. Qh5 {[%clk
00:49:04]} {[%emt 00:00:35]} b5 {[%clk 01:01:28]} {[%emt 00:04:53]} 19. dxc6
{[%clk 00:40:20]} {[%emt 00:09:15]} bxc4 {[%clk 00:56:28]} {[%emt 00:05:29]} 20.
Bxc4 {[%clk 00:40:42]} {[%emt 00:00:08]} Nh8 {[%clk 00:40:38]} {[%emt
00:16:20]} 21. Nd5 {[%clk 00:41:01]} {[%emt 00:00:11]} Qa7 {[%clk 00:40:56]}
{[%emt 00:00:12]} 22. c7 {[%clk 00:41:29]} {[%emt 00:00:02]} Rd7 {[%clk
00:40:56]} {[%emt 00:00:30]} 23. Rf3 {[%clk 00:31:58]} {[%emt 00:10:02]} Rxc7
{[%clk 00:36:32]} {[%emt 00:04:53]} 24. Nxc7 {[%clk 00:27:10]} {[%emt
00:05:18]} Qxc7 {[%clk 00:36:55]} {[%emt 00:00:07]} 25. b3 {[%clk 00:27:37]}
{[%emt 00:00:03]} Kh7 {[%clk 00:32:54]} {[%emt 00:04:30]} 26. Rf2 {[%clk
00:23:12]} {[%emt 00:04:57]} Bg5 {[%clk 00:31:52]} {[%emt 00:01:32]} 27. Qe2
{[%clk 00:23:17]} {[%emt 00:00:24]} Qb6 {[%clk 00:30:53]} {[%emt 00:01:28]} 28.
Rd3 {[%clk 00:23:39]} {[%emt 00:00:09]} Bb7 {[%clk 00:30:55]} {[%emt 00:00:27]}
29. Bd5 {[%clk 00:23:23]} {[%emt 00:00:47]} Bxd5 {[%clk 00:28:51]} {[%emt
00:02:34]} 30. exd5 {[%clk 00:23:30]} {[%emt 00:00:23]} f5 {[%clk 00:27:46]}
{[%emt 00:01:35]} 31. g3 {[%clk 00:23:09]} {[%emt 00:00:50]} Ng6 {[%clk
00:26:21]} {[%emt 00:01:55]} 32. h4 {[%clk 00:22:25]} {[%emt 00:01:15]} e4
{[%clk 00:24:12]} {[%emt 00:02:38]} 33. Rc3 {[%clk 00:21:55]} {[%emt 00:01:02]}
Be7 {[%clk 00:22:24]} {[%emt 00:02:16]} 34. Qb5 {[%clk 00:17:42]} {[%emt
00:04:43]} Qa7 {[%clk 00:22:42]} {[%emt 00:00:11]} 35. Qc6 {[%clk 00:17:05]}
{[%emt 00:01:08]} f4 {[%clk 00:15:31]} {[%emt 00:07:41]} 36. Qc7 {[%clk
00:13:50]} {[%emt 00:03:46]} Qxc7 {[%clk 00:12:21]} {[%emt 00:03:40]} 37. Rxc7
{[%clk 00:14:19]} {[%emt 00:00:01]} Bd8 {[%clk 00:06:57]} {[%emt 00:05:54]} 38.
Rc6 {[%clk 00:13:44]} {[%emt 00:01:05]} f3 {[%clk 00:06:28]} {[%emt 00:01:00]}
39. Rxd6 {[%clk 00:13:27]} {[%emt 00:00:47]} Bc7 {[%clk 00:04:15]} {[%emt
00:02:43]} 40. Re6 {[%clk 00:13:31]} {[%emt 00:00:25]} Bxg3 {[%clk 00:04:15]}
{[%emt 00:00:30]} 41. h5 {[%clk 00:11:56]} {[%emt 00:02:05]} Ne5 {[%clk
00:04:13]} {[%emt 00:00:33]} 42. Rf1 {[%clk 00:10:52]} {[%emt 00:01:35]} Rf6
{[%clk 00:02:05]} {[%emt 00:02:38]} 43. Rd1 {[%clk 00:07:46]} {[%emt 00:03:35]}
Rxe6 {[%clk 00:01:31]} {[%emt 00:01:04]} 44. dxe6 {[%clk 00:08:15]} {[%emt
00:00:01]} Bh4 {[%clk 00:01:52]} {[%emt 00:00:09]} 45. b4 {[%clk 00:04:11]}
{[%emt 00:04:34]} Ng4 {[%clk 00:01:32]} {[%emt 00:00:49]} 46. bxa5 {[%clk
00:03:28]} {[%emt 00:01:13]} Nxe3 {[%clk 00:01:47]} {[%emt 00:00:15]} 47. Rb1
{[%clk 00:03:46]} {[%emt 00:00:13]} f2+ {[%clk 00:01:38]} {[%emt 00:00:39]} 48.
Kh1 {[%clk 00:04:13]} {[%emt 00:00:03]} Ng4 {[%clk 00:01:19]} {[%emt 00:00:48]}
49. Kg2 {[%clk 00:03:54]} {[%emt 00:00:49]} e3 {[%clk 00:00:55]} {[%emt
00:00:54]} 50. Kf3 {[%clk 00:04:21]} {[%emt 00:00:03]} Bg5 {[%clk 00:01:00]}
{[%emt 00:00:26]} 51. a6 {[%clk 00:04:17]} {[%emt 00:00:34]} Ne5+ {[%clk
00:01:17]} {[%emt 00:00:12]} 52. Ke2 {[%clk 00:04:42]} {[%emt 00:00:06]} Nc6
{[%clk 00:00:53]} {[%emt 00:00:54]} 53. c3 {[%clk 00:05:06]} {[%emt 00:00:06]}
Bf6 {[%clk 00:00:50]} {[%emt 00:00:32]} 54. Rb6 {[%clk 00:05:28]} {[%emt
00:00:08]} Ne7 {[%clk 00:00:47]} {[%emt 00:00:32]} 55. a7 {[%clk 00:05:33]}
{[%emt 00:00:25]} Nf5 {[%clk 00:01:11]} {[%emt 00:00:07]} 56. Rb1 {[%clk
00:05:59]} {[%emt 00:00:04]} Bxc3 {[%clk 00:00:53]} {[%emt 00:00:48]} 57. a8=Q
{[%emt 00:00:07]} Ng3+ {[%clk 00:01:13]} {[%emt 00:00:10]} 58. Kxe3 {[%clk
00:06:35]} {[%emt 00:00:17]} Be1 {[%clk 00:01:23]} {[%emt 00:00:18]} 59. Qg2
{[%clk 00:06:29]} {[%emt 00:00:35]} 1-0

[Event "25th 4NCL Congress"]
[Site "Leamington Spa, United Kingdom"]
[Date "2021.07.11"]
[Round "4.13"]
[White "James, Russell A"]
[Black "Paterson, Andrew I"]
[Result "1/2-1/2"]
[TimeControl "All moves in 90 minutes + 30 seconds per move"]
[WhiteElo "2147"]
[BlackElo "2046"]

1. e4 {[%clk 01:23:16]} {[%emt 00:07:42]} Nf6 {[%clk 01:30:49]} {[%emt
00:00:11]} 2. d3 {[%clk 01:21:15]} {[%emt 00:02:33]} d5 {[%clk 01:24:20]}
{[%emt 00:06:57]} 3. Nd2 {[%clk 01:21:19]} {[%emt 00:00:27]} e5 {[%clk
01:23:36]} {[%emt 00:01:14]} 4. Ngf3 {[%clk 01:19:22]} {[%emt 00:02:27]} Nc6
{[%clk 01:23:33]} {[%emt 00:00:32]} 5. Be2 {[%clk 01:16:24]} {[%emt 00:03:29]}
Bc5 {[%clk 01:22:31]} {[%emt 00:01:31]} 6. O-O {[%clk 01:15:41]} {[%emt
00:01:15]} O-O {[%clk 01:22:53]} {[%emt 00:00:06]} 7. c3 {[%clk 01:15:13]}
{[%emt 00:00:59]} Re8 {[%clk 01:22:00]} {[%emt 00:01:21]} 8. Qc2 {[%clk
01:08:43]} {[%emt 00:07:01]} Bg4 {[%clk 01:06:42]} {[%emt 00:15:47]} 9. h3
{[%clk 01:04:52]} {[%emt 00:04:22]} Bh5 {[%clk 01:07:03]} {[%emt 00:00:08]} 10.
b4 {[%clk 01:01:26]} {[%emt 00:03:57]} Bf8 {[%clk 01:05:58]} {[%emt 00:01:34]}
11. b5 {[%clk 00:58:58]} {[%emt 00:03:00]} Nb8 {[%clk 01:04:46]} {[%emt
00:01:41]} 12. Re1 {[%clk 00:53:01]} {[%emt 00:06:28]} dxe4 {[%clk 00:56:57]}
{[%emt 00:08:17]} 13. dxe4 {[%clk 00:48:15]} {[%emt 00:05:17]} Nbd7 {[%clk
00:56:59]} {[%emt 00:00:27]} 14. Nf1 {[%clk 00:43:12]} {[%emt 00:05:34]} Nc5
{[%clk 00:56:46]} {[%emt 00:00:41]} 15. Ng3 {[%clk 00:41:28]} {[%emt 00:02:16]}
Bg6 {[%clk 00:56:38]} {[%emt 00:00:37]} 16. Bf1 {[%clk 00:39:34]} {[%emt
00:02:25]} a6 {[%clk 00:52:33]} {[%emt 00:04:35]} 17. bxa6 {[%clk 00:38:46]}
{[%emt 00:01:18]} Nxa6 {[%clk 00:52:53]} {[%emt 00:00:10]} 18. Rd1 {[%clk
00:36:57]} {[%emt 00:02:19]} Qc8 {[%clk 00:50:31]} {[%emt 00:02:51]} 19. Nh4
{[%clk 00:35:56]} {[%emt 00:01:33]} Nc5 {[%clk 00:49:21]} {[%emt 00:01:37]} 20.
Nxg6 {[%clk 00:32:10]} {[%emt 00:04:17]} hxg6 {[%clk 00:49:42]} {[%emt
00:00:09]} 21. Be3 {[%clk 00:24:47]} {[%emt 00:07:54]} c6 {[%clk 00:46:52]}
{[%emt 00:03:19]} 22. a4 {[%clk 00:19:06]} {[%emt 00:06:12]} Qc7 {[%clk
00:46:51]} {[%emt 00:00:29]} 23. Bc4 {[%clk 00:17:47]} {[%emt 00:01:51]} Ra5
{[%clk 00:46:11]} {[%emt 00:01:09]} 24. Bxc5 {[%clk 00:08:38]} {[%emt
00:09:41]} Bxc5 {[%clk 00:45:56]} {[%emt 00:00:43]} 25. Rab1 {[%clk 00:08:28]}
{[%emt 00:00:42]} Rea8 {[%clk 00:40:09]} {[%emt 00:06:16]} 26. Bb3 {[%clk
00:08:44]} {[%emt 00:00:13]} Bf8 {[%clk 00:39:00]} {[%emt 00:01:38]} 27. Rd3
{[%clk 00:06:55]} {[%emt 00:02:21]} Nd7 {[%clk 00:38:34]} {[%emt 00:00:55]} 28.
Rf3 {[%clk 00:06:16]} {[%emt 00:01:10]} Nf6 {[%clk 00:37:32]} {[%emt 00:01:32]}
29. h4 {[%clk 00:05:31]} {[%emt 00:01:15]} b5 {[%clk 00:24:30]} {[%emt
00:13:32]} 30. axb5 {[%clk 00:04:45]} {[%emt 00:01:17]} Rxb5 {[%clk 00:24:49]}
{[%emt 00:00:10]} 31. h5 {[%clk 00:04:47]} {[%emt 00:00:28]} gxh5 {[%clk
00:24:40]} {[%emt 00:00:39]} 32. Rxf6 {[%clk 00:04:05]} {[%emt 00:01:11]} gxf6
{[%clk 00:24:03]} {[%emt 00:01:07]} 33. Nxh5 {[%clk 00:03:51]} {[%emt
00:00:44]} Rab8 {[%clk 00:20:17]} {[%emt 00:04:16]} 34. Qe2 {[%clk 00:03:11]}
{[%emt 00:01:10]} Qc8 {[%clk 00:12:59]} {[%emt 00:07:49]} 35. Nxf6+ {[%clk
00:02:30]} {[%emt 00:01:11]} Kg7 {[%clk 00:13:10]} {[%emt 00:00:18]} 36. Qh5
{[%clk 00:00:36]} {[%emt 00:02:25]} Kxf6 {[%clk 00:11:48]} {[%emt 00:01:51]} 37.
Qxf7+ {[%clk 00:00:59]} {[%emt 00:00:07]} Kg5 {[%clk 00:12:11]} {[%emt
00:00:07]} 38. Qg8+ {[%clk 00:00:47]} {[%emt 00:00:40]} Kh6 {[%clk 00:06:59]}
{[%emt 00:05:43]} 39. Qh8+ {[%clk 00:00:36]} {[%emt 00:00:42]} Kg6 {[%clk
00:06:56]} {[%emt 00:00:31]} 40. Qg8+ {[%clk 00:00:45]} {[%emt 00:00:24]} Bg7
{[%clk 00:06:26]} {[%emt 00:00:59]} 41. Qf7+ {[%clk 00:00:54]} {[%emt
00:00:22]} Kh6 {[%clk 00:06:04]} {[%emt 00:00:49]} 42. Bd1 {[%clk 00:00:31]}
{[%emt 00:00:55]} Qe8 {[%clk 00:06:14]} {[%emt 00:00:19]} 43. Qf3 {[%clk
00:00:38]} {[%emt 00:00:24]} Rxb1 {[%clk 00:05:41]} {[%emt 00:01:03]} 44. Qh3+
{[%clk 00:01:01]} {[%emt 00:00:07]} Kg6 {[%clk 00:05:56]} {[%emt 00:00:16]} 45.
Qf5+ {[%clk 00:01:10]} {[%emt 00:00:21]} Kh6 {[%clk 00:05:50]} {[%emt
00:00:36]} 46. Qh3+ {[%clk 00:01:32]} {[%emt 00:00:08]} 1/2-1/2

[Event "25th 4NCL Congress"]
[Site "Leamington Spa, United Kingdom"]
[Date "2021.07.11"]
[Round "4.15"]
[White "Goater, Kevin P"]
[Black "Zhu, Yaoyao"]
[Result "0-1"]
[TimeControl "All moves in 90 minutes + 30 seconds per move"]
[WhiteElo "2083"]
[BlackElo "1859"]

1. d4 {[%clk 01:29:58]} {[%emt 00:01:01]} Nf6 {[%clk 01:30:46]} {[%emt
00:00:12]} 2. Nc3 {[%clk 01:30:23]} {[%emt 00:00:07]} d5 {[%clk 01:30:47]}
{[%emt 00:00:29]} 3. Bf4 {[%clk 01:30:45]} {[%emt 00:00:08]} g6 {[%clk
01:30:56]} {[%emt 00:00:22]} 4. e3 {[%clk 01:30:58]} {[%emt 00:00:16]} Bg7
{[%clk 01:30:49]} {[%emt 00:00:37]} 5. h4 {[%clk 01:31:06]} {[%emt 00:00:22]}
h5 {[%clk 01:30:29]} {[%emt 00:00:51]} 6. Nf3 {[%clk 01:31:22]} {[%emt
00:00:14]} O-O {[%clk 01:29:10]} {[%emt 00:01:49]} 7. Ne5 {[%clk 01:28:49]}
{[%emt 00:03:02]} c5 {[%clk 01:17:17]} {[%emt 00:12:24]} 8. dxc5 {[%clk
01:23:17]} {[%emt 00:06:02]} Qa5 {[%clk 01:15:55]} {[%emt 00:01:52]} 9. Qd2
{[%clk 01:23:32]} {[%emt 00:00:14]} Nc6 {[%clk 01:10:40]} {[%emt 00:05:46]} 10.
Be2 {[%clk 01:20:30]} {[%emt 00:03:30]} Qxc5 {[%clk 01:01:56]} {[%emt
00:09:15]} 11. Nxc6 {[%clk 01:11:07]} {[%emt 00:09:53]} Qxc6 {[%clk 01:01:42]}
{[%emt 00:00:44]} 12. O-O {[%clk 01:05:44]} {[%emt 00:05:53]} Bf5 {[%clk
00:51:46]} {[%emt 00:10:26]} 13. f3 {[%clk 01:02:53]} {[%emt 00:03:20]} Rad8
{[%clk 00:44:30]} {[%emt 00:07:47]} 14. Rac1 {[%clk 00:54:57]} {[%emt
00:08:25]} a6 {[%clk 00:42:54]} {[%emt 00:02:07]} 15. Be5 {[%clk 00:50:40]}
{[%emt 00:04:47]} Ne4 {[%clk 00:25:41]} {[%emt 00:17:44]} 16. Qd4 {[%clk
00:48:31]} {[%emt 00:02:39]} Bxe5 {[%clk 00:22:27]} {[%emt 00:03:45]} 17. Qxe5
{[%clk 00:48:39]} {[%emt 00:00:21]} Nxc3 {[%clk 00:21:56]} {[%emt 00:01:01]} 18.
bxc3 {[%clk 00:48:31]} {[%emt 00:00:37]} f6 {[%clk 00:18:33]} {[%emt 00:03:54]}
19. Qd4 {[%clk 00:40:27]} {[%emt 00:08:34]} Rc8 {[%clk 00:16:51]} {[%emt
00:02:13]} 20. Bd3 {[%clk 00:37:39]} {[%emt 00:03:18]} e5 {[%clk 00:13:36]}
{[%emt 00:03:45]} 21. Qb4 {[%clk 00:37:28]} {[%emt 00:00:40]} e4 {[%clk
00:11:29]} {[%emt 00:02:39]} 22. fxe4 {[%clk 00:35:34]} {[%emt 00:02:23]} dxe4
{[%clk 00:11:15]} {[%emt 00:00:45]} 23. Be2 {[%clk 00:35:34]} {[%emt 00:00:29]}
Qxc3 {[%clk 00:11:23]} {[%emt 00:00:23]} 24. Qb3+ {[%clk 00:27:01]} {[%emt
00:09:03]} Qxb3 {[%clk 00:11:11]} {[%emt 00:00:42]} 25. cxb3 {[%clk 00:23:42]}
{[%emt 00:03:48]} Rxc1 {[%clk 00:11:16]} {[%emt 00:00:26]} 26. Rxc1 {[%clk
00:23:59]} {[%emt 00:00:13]} Rc8 {[%clk 00:08:53]} {[%emt 00:02:54]} 27. Rxc8+
{[%clk 00:23:51]} {[%emt 00:00:38]} Bxc8 {[%clk 00:09:20]} {[%emt 00:00:03]} 28.
Bc4+ {[%clk 00:23:24]} {[%emt 00:00:57]} Kg7 {[%clk 00:09:36]} {[%emt
00:00:14]} 29. Kf2 {[%clk 00:23:33]} {[%emt 00:00:20]} Bd7 {[%clk 00:06:58]}
{[%emt 00:03:08]} 30. Kg3 {[%clk 00:23:25]} {[%emt 00:00:37]} g5 {[%clk
00:03:56]} {[%emt 00:03:34]} 31. Bd5 {[%clk 00:22:49]} {[%emt 00:01:05]} Bc6
{[%clk 00:04:19]} {[%emt 00:00:07]} 32. Bc4 {[%clk 00:22:40]} {[%emt 00:00:39]}
a5 {[%clk 00:04:00]} {[%emt 00:00:49]} 33. a4 {[%clk 00:22:36]} {[%emt
00:00:33]} Kg6 {[%clk 00:04:13]} {[%emt 00:00:17]} 34. Kh3 {[%clk 00:21:49]}
{[%emt 00:01:16]} b6 {[%clk 00:03:18]} {[%emt 00:01:26]} 35. Kg3 {[%clk
00:20:25]} {[%emt 00:01:53]} Be8 {[%clk 00:02:59]} {[%emt 00:00:50]} 36. Bd5
{[%clk 00:17:58]} {[%emt 00:02:57]} Kf5 {[%clk 00:03:10]} {[%emt 00:00:20]} 37.
hxg5 {[%clk 00:14:16]} {[%emt 00:04:11]} fxg5 {[%clk 00:03:15]} {[%emt
00:00:25]} 38. Bc4 {[%clk 00:14:01]} {[%emt 00:00:45]} Bd7 {[%clk 00:02:53]}
{[%emt 00:00:52]} 39. Be2 {[%clk 00:13:00]} {[%emt 00:01:30]} h4+ {[%clk
00:01:34]} {[%emt 00:01:50]} 40. Kh2 {[%clk 00:12:40]} {[%emt 00:00:49]} Be6
{[%clk 00:01:35]} {[%emt 00:00:30]} 41. Bd1 {[%clk 00:12:49]} {[%emt 00:00:20]}
Ke5 {[%clk 00:01:57]} {[%emt 00:00:08]} 42. g3 {[%clk 00:13:06]} {[%emt
00:00:12]} h3 {[%clk 00:01:51]} {[%emt 00:00:37]} 43. g4 {[%clk 00:13:28]}
{[%emt 00:00:08]} Kd5 {[%clk 00:02:13]} {[%emt 00:00:09]} 44. Kxh3 {[%clk
00:13:19]} {[%emt 00:00:39]} Kc5 {[%clk 00:02:38]} {[%emt 00:00:06]} 45. Bc2
{[%clk 00:13:33]} {[%emt 00:00:14]} Bd5 {[%clk 00:02:57]} {[%emt 00:00:12]} 46.
Kg3 {[%clk 00:11:23]} {[%emt 00:02:39]} Kb4 {[%clk 00:03:19]} {[%emt 00:00:09]}
0-1

[Event "25th 4NCL Congress"]
[Site "Leamington Spa, United Kingdom"]
[Date "2021.07.11"]
[Round "4.16"]
[White "Kesterson, Kennan"]
[Black "Finn, Peter"]
[Result "0-1"]
[TimeControl "All moves in 90 minutes + 30 seconds per move"]
[WhiteElo "1801"]
[BlackElo "1959"]

1. e4 {[%clk 01:30:57]} {[%emt 00:00:02]} c5 {[%clk 01:30:56]} {[%emt
00:00:04]} 2. Nf3 {[%clk 01:31:23]} {[%emt 00:00:05]} Nc6 {[%clk 01:31:21]}
{[%emt 00:00:05]} 3. d4 {[%clk 01:31:48]} {[%emt 00:00:05]} cxd4 {[%clk
01:31:47]} {[%emt 00:00:04]} 4. Nxd4 {[%clk 01:32:14]} {[%emt 00:00:04]} Nf6
{[%clk 01:32:11]} {[%emt 00:00:06]} 5. Nc3 {[%clk 01:32:38]} {[%emt 00:00:07]}
e5 {[%clk 01:32:36]} {[%emt 00:00:04]} 6. Ndb5 {[%clk 01:32:45]} {[%emt
00:00:23]} d6 {[%clk 01:33:00]} {[%emt 00:00:05]} 7. Bg5 {[%clk 01:33:04]}
{[%emt 00:00:11]} a6 {[%clk 01:33:25]} {[%emt 00:00:05]} 8. Na3 {[%clk
01:33:29]} {[%emt 00:00:06]} b5 {[%clk 01:33:51]} {[%emt 00:00:05]} 9. Nd5
{[%clk 01:33:50]} {[%emt 00:00:08]} Be7 {[%clk 01:34:15]} {[%emt 00:00:05]} 10.
Bxf6 {[%clk 01:34:12]} {[%emt 00:00:09]} Bxf6 {[%clk 01:34:39]} {[%emt
00:00:06]} 11. c3 {[%clk 01:34:32]} {[%emt 00:00:10]} O-O {[%clk 01:34:58]}
{[%emt 00:00:11]} 12. Nc2 {[%clk 01:34:44]} {[%emt 00:00:18]} Rb8 {[%clk
01:35:23]} {[%emt 00:00:05]} 13. Be2 {[%clk 01:30:19]} {[%emt 00:04:55]} Bg5
{[%clk 01:35:06]} {[%emt 00:00:46]} 14. O-O {[%clk 01:28:37]} {[%emt 00:02:13]}
Kh8 {[%clk 01:28:23]} {[%emt 00:07:13]} 15. Nce3 {[%clk 01:24:17]} {[%emt
00:04:51]} g6 {[%clk 01:26:39]} {[%emt 00:02:14]} 16. g3 {[%clk 01:03:41]}
{[%emt 00:21:05]} Bh3 {[%clk 01:19:04]} {[%emt 00:08:05]} 17. Ng2 {[%clk
01:01:58]} {[%emt 00:02:14]} f5 {[%clk 01:18:16]} {[%emt 00:01:17]} 18. f4
{[%clk 00:59:59]} {[%emt 00:02:29]} exf4 {[%clk 01:16:05]} {[%emt 00:02:41]} 19.
gxf4 {[%clk 00:59:26]} {[%emt 00:01:03]} Bh6 {[%clk 01:15:24]} {[%emt
00:01:11]} 20. Bf3 {[%clk 00:46:05]} {[%emt 00:13:52]} fxe4 {[%clk 01:05:19]}
{[%emt 00:10:34]} 21. Bxe4 {[%clk 00:45:40]} {[%emt 00:00:56]} Ne7 {[%clk
01:04:58]} {[%emt 00:00:51]} 22. Nxe7 {[%clk 00:38:15]} {[%emt 00:07:55]} Qxe7
{[%clk 01:05:20]} {[%emt 00:00:07]} 23. Qd4+ {[%clk 00:37:53]} {[%emt
00:00:53]} Bg7 {[%clk 00:56:02]} {[%emt 00:09:48]} 24. Qd3 {[%clk 00:36:10]}
{[%emt 00:02:13]} Be6 {[%clk 00:53:09]} {[%emt 00:03:23]} 25. Rfe1 {[%clk
00:26:28]} {[%emt 00:10:13]} Bc4 {[%clk 00:48:36]} {[%emt 00:05:02]} 26. Qf3
{[%clk 00:21:59]} {[%emt 00:04:58]} b4 {[%clk 00:43:12]} {[%emt 00:05:55]} 27.
Kh1 {[%clk 00:14:29]} {[%emt 00:08:01]} bxc3 {[%clk 00:40:22]} {[%emt
00:03:20]} 28. bxc3 {[%clk 00:12:44]} {[%emt 00:02:15]} Qf6 {[%clk 00:40:23]}
{[%emt 00:00:28]} 29. Bd5 {[%clk 00:09:34]} {[%emt 00:03:40]} Bxd5 {[%clk
00:33:04]} {[%emt 00:07:48]} 30. Qxd5 {[%clk 00:09:58]} {[%emt 00:00:06]} Rb5
{[%clk 00:31:42]} {[%emt 00:01:53]} 31. Qc6 {[%clk 00:08:18]} {[%emt 00:02:10]}
Qxc3 {[%clk 00:30:54]} {[%emt 00:01:18]} 32. Rac1 {[%clk 00:08:09]} {[%emt
00:00:40]} Qxc6 {[%clk 00:30:24]} {[%emt 00:00:59]} 33. Rxc6 {[%clk 00:08:37]}
{[%emt 00:00:02]} Ra5 {[%clk 00:30:39]} {[%emt 00:00:14]} 34. Rxd6 {[%clk
00:07:47]} {[%emt 00:01:21]} Rxa2 {[%clk 00:30:41]} {[%emt 00:00:27]} 35. Rde6
{[%clk 00:05:37]} {[%emt 00:02:40]} Bc3 {[%clk 00:28:01]} {[%emt 00:03:10]} 36.
R6e2 {[%clk 00:03:49]} {[%emt 00:02:18]} Rxe2 {[%clk 00:27:16]} {[%emt
00:01:15]} 37. Rxe2 {[%clk 00:04:15]} {[%emt 00:00:04]} a5 {[%clk 00:26:38]}
{[%emt 00:01:09]} 38. Re4 {[%clk 00:03:49]} {[%emt 00:00:56]} Ra8 {[%clk
00:22:13]} {[%emt 00:04:55]} 39. Ra4 {[%clk 00:03:40]} {[%emt 00:00:39]} Kg7
{[%clk 00:21:21]} {[%emt 00:01:22]} 40. Ne3 {[%clk 00:03:42]} {[%emt 00:00:28]}
Kf7 {[%clk 00:21:03]} {[%emt 00:00:47]} 41. Nd5 {[%clk 00:03:35]} {[%emt
00:00:38]} Bf6 {[%clk 00:19:16]} {[%emt 00:02:17]} 42. Kg2 {[%clk 00:03:25]}
{[%emt 00:00:40]} Bd8 {[%clk 00:18:59]} {[%emt 00:00:47]} 43. Kf3 {[%clk
00:03:12]} {[%emt 00:00:43]} Ke6 {[%clk 00:18:55]} {[%emt 00:00:33]} 44. Ke4
{[%clk 00:03:21]} {[%emt 00:00:22]} Kd6 {[%clk 00:17:28]} {[%emt 00:01:56]} 45.
Kd4 {[%clk 00:03:17]} {[%emt 00:00:34]} Kc6 {[%clk 00:17:38]} {[%emt 00:00:19]}
46. Rc4+ {[%clk 00:02:55]} {[%emt 00:00:53]} Kd6 {[%clk 00:17:35]} {[%emt
00:00:33]} 47. Ra4 {[%clk 00:03:06]} {[%emt 00:00:18]} Rb8 {[%clk 00:17:09]}
{[%emt 00:00:55]} 48. Ne3 {[%clk 00:02:25]} {[%emt 00:01:12]} Bb6+ {[%clk
00:17:25]} {[%emt 00:00:13]} 49. Kd3 {[%clk 00:02:36]} {[%emt 00:00:19]} Bxe3
{[%clk 00:17:46]} {[%emt 00:00:09]} 50. Kxe3 {[%clk 00:02:54]} {[%emt
00:00:12]} Rb3+ {[%clk 00:17:23]} {[%emt 00:00:53]} 51. Kf2 {[%clk 00:02:20]}
{[%emt 00:01:04]} Rb5 {[%clk 00:17:47]} {[%emt 00:00:06]} 52. Kg3 {[%clk
00:02:12]} {[%emt 00:00:38]} Kc6 {[%clk 00:18:01]} {[%emt 00:00:16]} 53. h4
{[%clk 00:01:45]} {[%emt 00:00:57]} Rc5 {[%clk 00:17:34]} {[%emt 00:00:56]} 54.
Re4 {[%clk 00:01:30]} {[%emt 00:00:46]} Kb5 {[%clk 00:16:51]} {[%emt 00:01:13]}
55. Re7 {[%clk 00:01:23]} {[%emt 00:00:36]} h5 {[%clk 00:17:08]} {[%emt
00:00:14]} 56. Re6 {[%clk 00:01:26]} {[%emt 00:00:28]} Rc6 {[%clk 00:17:17]}
{[%emt 00:00:20]} 57. Re5+ {[%clk 00:01:28]} {[%emt 00:00:29]} Rc5 {[%clk
00:17:01]} {[%emt 00:00:45]} 58. Rg5 {[%clk 00:01:37]} {[%emt 00:00:21]} Rxg5+
{[%clk 00:15:38]} {[%emt 00:01:53]} 59. hxg5 {[%clk 00:01:58]} {[%emt
00:00:09]} Kc6 {[%clk 00:15:59]} {[%emt 00:01:15]} 0-1